[Event "XLI Rilton Cup 2011-12"]
[Site "Stockholm SWE"]
[Date "2011.12.29"]
[Round "3"]
[Board "16"]
[White "Martynov, Pavel2"]
[Black "Socko, Monika"]
[Result "0-1"]
[BlackTitle "GM"]
[WhiteElo "2211"]
[BlackElo "2479"]
[WhiteFideId "4122186"]
[BlackFideId "1106619"]
[EventDate "2011.12.27"]

1. e4 c5 2. Nf3 d6 3. d4 cxd4 4. Qxd4 Nf6 5. Nc3 Nc6 6. Bb5 Nd7 7. Bxc6 bxc6 8.
Be3 e5 9. Qc4 Bb7 10. Ng5 Qe7 11. O-O-O h6 12. Nf3 Nb6 13. Qb3 Qe6 14. Qxe6+
fxe6 15. b3 Be7 16. Kb2 O-O 17. a4 Nd7 18. a5 d5 19. Na4 c5 20. Rhe1 Bc6 21. c3
c4 22. Ra1 Rfb8 23. exd5 Rxb3+ 24. Kc2 exd5 25. Nb2 Rab8 26. Nd1 Bf6 27. Bxa7
Ra8 28. Be3 d4 29. Bd2 Bxf3 30. gxf3 Nc5 31. Nb2 d3+ 32. Kc1 e4 33. Na4 Rxa5 0-1

[Event "XLI Rilton Cup 2011-12"]
[Site "Stockholm SWE"]
[Date "2011.12.29"]
[Round "3"]
[Board "17"]
[White "Ask, Josef"]
[Black "Sagit, Rauan"]
[Result "0-1"]
[BlackTitle "FM"]
[WhiteElo "2207"]
[BlackElo "2368"]
[WhiteFideId "1704583"]
[BlackFideId "1708376"]
[EventDate "2011.12.27"]

1. c4 e5 2. Nc3 Nf6 3. Nf3 Nc6 4. a3 Be7 5. d4 e4 6. Ng5 e3 7. fxe3 d5 8. cxd5
Nxd5 9. Nf3 Nxc3 10. bxc3 Qd5 11. Rb1 O-O 12. Qa4 a6 13. c4 Qe4 14. Rb2 Bf5 15.
Rxb7 Nxd4 16. Nxd4 Bh4+ 17. g3 Qxb7 18. Nxf5 Bf6 19. Rg1 Qb1 20. Kf2 Qxf5+ 21.
Kg2 Qb1 22. Bd2 Rad8 23. Bb4 Qe4+ 24. Kf2 Rfe8 25. Qb3 Bg5 0-1

[Event "XLI Rilton Cup 2011-12"]
[Site "Stockholm SWE"]
[Date "2011.12.29"]
[Round "3"]
[Board "20"]
[White "Jonsson, Emil"]
[Black "Sipila, Vilka"]
[Result "0-1"]
[BlackTitle "FM"]
[WhiteElo "2066"]
[BlackElo "2316"]
[WhiteFideId "1712268"]
[BlackFideId "505455"]
[EventDate "2011.12.27"]

1. e4 a6 2. d4 b5 3. c3 Bb7 4. Bd3 Nf6 5. Qe2 e6 6. Bg5 Be7 7. Nd2 d5 8. e5 Nfd7
9. Bxe7 Qxe7 10. f4 c5 11. Ngf3 Nc6 12. O-O g6 13. dxc5 Nxc5 14. Bc2 Rc8 15.
Rac1 b4 16. c4 Na5 17. cxd5 Bxd5 18. Ba4+ Kf8 19. g4 h5 20. gxh5 Rxh5 21. Nb3
Naxb3 22. Bxb3 Bb7 23. Qe3 Rh3 24. Rf2 Nxb3 25. Rxc8+ Bxc8 26. Qxb3 Bb7 27. Qd1
Bd5 28. Qf1 Rh8 29. Qxa6 Kg7 30. Qd3 Rh3 31. Qf1 Rh8 32. Qd3 Qc5 33. Qd4 Qc1+
34. Rf1 Qc2 35. Rf2 Qb1+ 36. Rf1 Qf5 37. Qf2 Rh3 38. Qg2 Qh5 39. Qg5 Rxf3 0-1

[Event "XLI Rilton Cup 2011-12"]
[Site "Stockholm SWE"]
[Date "2011.12.29"]
[Round "3"]
[Board "22"]
[White "Malmdin, Nils-Ake"]
[Black "Evertsson, Lennart"]
[Result "1-0"]
[WhiteTitle "FM"]
[WhiteElo "2308"]
[BlackElo "2130"]
[WhiteFideId "1701584"]
[BlackFideId "1705156"]
[EventDate "2011.12.27"]

1. e4 c5 2. Nf3 d6 3. d4 cxd4 4. Qxd4 Nc6 5. Bb5 Bd7 6. Bxc6 Bxc6 7. Nc3 Nf6 8.
Bg5 Qa5 9. O-O-O h6 10. Bxf6 gxf6 11. Kb1 Rg8 12. Nh4 Rc8 13. g3 Rg5 14. f4 Rc5
15. b4 Qb6 16. Ka1 Rh5 17. Qxb6 axb6 18. f5 Rg5 19. Kb2 Rg4 20. Rhe1 Bd7 21. Ng2
e6 22. Ne3 Rg8 23. Kb3 b5 24. Rf1 h5 25. Ne2 Bh6 26. Nf4 Ke7 27. Rfe1 h4 28. Rd3
hxg3 29. hxg3 Bg5 30. Red1 Rc6 31. Rh1 Bxf4 32. gxf4 Rg7 33. Rh6 Rg1 34. Kb2 Rc8
35. e5 dxe5 36. fxe5 fxe5 37. f6+ Kd8 38. Rh7 e4 39. Rd4 Kc7 40. Rxf7 Rd8 41.
Rxe4 Kc8 42. Rg7 Rxg7 43. fxg7 Rg8 44. Rg4 Kd8 45. Rg5 1-0

[Event "XLI Rilton Cup 2011-12"]
[Site "Stockholm SWE"]
[Date "2011.12.29"]
[Round "3"]
[Board "23"]
[White "Kassani, Sam"]
[Black "Arman, Deniz"]
[Result "0-1"]
[BlackTitle "FM"]
[WhiteElo "1998"]
[BlackElo "2304"]
[WhiteFideId "1709089"]
[BlackFideId "6302106"]
[EventDate "2011.12.27"]

1. e4 Nf6 2. e5 Nd5 3. f4 d6 4. d4 dxe5 5. fxe5 Bf5 6. Nf3 e6 7. Bd3 Bxd3 8.
Qxd3 c5 9. O-O Nc6 10. Ng5 Ndb4 11. Qh3 Nxc2 12. Nxf7 Qxd4+ 13. Kh1 Qd7 14. Nxh8
O-O-O 15. Nc3 Nxa1 16. Bg5 Be7 17. Nf7 Rf8 18. Bxe7 Qxe7 19. Ne4 Kb8 20. Qxh7
Nc2 21. Qxg7 Ne3 22. Rf6 Nd5 23. Rf3 Nd4 24. Nf6 Nb6 25. Nh7 Rc8 26. Rf6 Nd5 27.
Qg3 Nf5 28. Qg6 Nxf6 29. exf6 Qd7 30. h3 Qd3 31. Qg4 Ng3+ 32. Kg1 Ne2+ 33. Kf2
Qxh7 34. Ng5 Qg6 35. f7 Nd4 36. Qf4+ e5 37. Qxe5+ Ka8 38. Qc7 Qf5+ 0-1

[Event "XLI Rilton Cup 2011-12"]
[Site "Stockholm SWE"]
[Date "2011.12.29"]
[Round "3"]
[Board "24"]
[White "Byklum, Bjornar"]
[Black "Hedstrom, Johan"]
[Result "1-0"]
[WhiteTitle "FM"]
[WhiteElo "2252"]
[BlackElo "2100"]
[WhiteFideId "1502123"]
[BlackFideId "1714813"]
[EventDate "2011.12.27"]

1. d4 g6 2. e4 c6 3. Nc3 d5 4. h3 dxe4 5. Nxe4 Nd7 6. Nf3 Ngf6 7. Nxf6+ Nxf6 8.
Bc4 Bg7 9. O-O O-O 10. Re1 h6 11. Bb3 a5 12. a4 e6 13. Bf4 Nd5 14. Bg3 b5 15. c3
b4 16. c4 Ne7 17. Be5 Ba6 18. Qe2 Nf5 19. Rad1 Nh4 20. Bxg7 Kxg7 21. Ne5 Bb7 22.
Ng4 h5 23. Ne5 Qf6 24. Nd7 Qg5 25. f4 Qe7 26. Nxf8 Qxf8 27. Bc2 c5 28. Qe5+ Kg8
29. d5 Re8 30. Qf6 Nxg2 31. Kxg2 exd5 32. cxd5 Bxd5+ 33. Kh2 Rxe1 34. Rxe1 Be6
35. Bxg6 Qd6 36. Bxf7+ 1-0

[Event "XLI Rilton Cup 2011-12"]
[Site "Stockholm SWE"]
[Date "2011.12.29"]
[Round "3"]
[Board "25"]
[White "Rydstrom, Tom"]
[Black "Glimbrant, Torbjorn"]
[Result "0-1"]
[WhiteElo "1939"]
[BlackElo "2250"]
[WhiteFideId "1714830"]
[BlackFideId "1700995"]
[EventDate "2011.12.27"]

1. e4 e6 2. d4 d5 3. Nc3 Nf6 4. e5 Nfd7 5. f4 c5 6. Nf3 Nc6 7. Be3 a6 8. Qd2 b5
9. Be2 Qb6 10. O-O cxd4 11. Nxd4 Bc5 12. Rad1 Bb7 13. Kh1 O-O 14. a3 Rac8 15.
Bg1 Nxd4 16. Bxd4 Bxd4 17. Qxd4 Rc7 18. Qd2 Rfc8 19. f5 Nxe5 20. f6 Ng6 21. Bd3
e5 22. Bf5 Rd8 23. fxg7 Kxg7 24. Qg5 f6 25. Qh5 Qe3 26. Rd3 Qh6 27. Bxg6 hxg6
28. Qxh6+ Kxh6 29. Rxf6 Kg7 30. Rf2 d4 31. Rdd2 e4 32. Rfe2 Rf8 0-1

[Event "XLI Rilton Cup 2011-12"]
[Site "Stockholm SWE"]
[Date "2011.12.29"]
[Round "3"]
[Board "27"]
[White "Blomqvist, Erik"]
[Black "Holving, Rasmus"]
[Result "0-1"]
[WhiteTitle "IM"]
[WhiteElo "2477"]
[BlackElo "2221"]
[WhiteFideId "1709437"]
[BlackFideId "1703145"]
[EventDate "2011.12.27"]

1. d4 Nf6 2. c4 e6 3. g3 e5 4. dxe5 Ng4 5. Nf3 Bc5 6. e3 Nc6 7. Nc3 Ncxe5 8.
Nxe5 Nxe5 9. Bg2 d6 10. b3 Bg4 11. f3 Bd7 12. f4 Ng4 13. Qd3 O-O 14. O-O Re8 15.
Re1 Qf6 16. Bd2 Bf5 17. Be4 Rxe4 18. Nxe4 Qg6 19. b4 Bxe4 20. Qc3 Nxh2 0-1

[Event "XLI Rilton Cup 2011-12"]
[Site "Stockholm SWE"]
[Date "2011.12.29"]
[Round "3"]
[Board "28"]
[White "Bergstrom, Rolf"]
[Black "Agrest, Inna"]
[Result "1/2-1/2"]
[WhiteTitle "FM"]
[BlackTitle "WIM"]
[WhiteElo "2301"]
[BlackElo "2189"]
[WhiteFideId "1702386"]
[BlackFideId "1708830"]
[EventDate "2011.12.27"]

1. e4 e5 2. Nc3 Nc6 3. Nf3 Nf6 4. Bb5 Bd6 5. d3 h6 6. Ne2 a6 7. Bxc6 dxc6 8. Ng3
c5 9. a4 g6 10. h3 Nd7 11. c3 b6 12. O-O Bb7 13. Re1 Qe7 14. d4 O-O-O 15. Qe2
Rde8 16. dxe5 Nxe5 17. Nxe5 Bxe5 18. f4 Bf6 19. Be3 h5 20. e5 Bh4 21. Bf2 Bxg3
22. Bxg3 Qe6 23. c4 1/2-1/2

[Event "XLI Rilton Cup 2011-12"]
[Site "Stockholm SWE"]
[Date "2011.12.29"]
[Round "3"]
[Board "30"]
[White "Olund, Joar"]
[Black "Codenotti, Marco"]
[Result "1/2-1/2"]
[BlackTitle "FM"]
[WhiteElo "2141"]
[BlackElo "2293"]
[WhiteFideId "1714848"]
[BlackFideId "800015"]
[EventDate "2011.12.27"]

1. d4 Nf6 2. c4 e6 3. g3 c5 4. d5 exd5 5. cxd5 b5 6. e4 Nxe4 7. Qe2 Qe7 8. Bg2
Nd6 9. Be3 Na6 10. Nc3 Rb8 11. a4 bxa4 12. Rxa4 c4 13. Nf3 g6 14. O-O Bg7 15.
Qd2 O-O 16. Bxa7 Ra8 17. Bc5 Bb7 18. Bxd6 Qxd6 19. Rxc4 Nc5 20. b4 Na4 21. Nxa4
Rxa4 22. Rc5 Rfa8 23. Nd4 Qb6 24. Rb5 Qc7 25. Rxb7 Qxb7 26. d6 Qxb4 27. Qxb4
Rxb4 28. Bxa8 Rxd4 29. Bf3 Rxd6 30. Rd1 Rf6 31. Bg4 d6 32. f4 Bf8 33. Rd5 Be7
34. Rb5 h5 35. Bd7 Kf8 36. Rb8+ Kg7 37. Rb5 Kh7 38. Rd5 Bf8 39. Kg2 Bh6 40. Kg1
Kg7 41. h4 Kf8 42. Kh2 Ke7 43. Bh3 Kd8 44. Kg2 Kc7 45. Kf2 Kc6 46. Bg2 Kb6 47.
Bh3 Bf8 48. Ke3 Be7 49. Ke4 Bd8 50. Rd1 Kc5 51. Rc1+ Kb4 52. Kd5 Bb6 53. Rb1+
Ka5 54. Ra1+ Kb5 55. Bf1+ Kb4 56. Rb1+ Ka5 57. Ra1+ Kb4 58. Rb1+ Ka5 59. Ra1+
Kb4 1/2-1/2

[Event "XLI Rilton Cup 2011-12"]
[Site "Stockholm SWE"]
[Date "2011.12.29"]
[Round "3"]
[Board "31"]
[White "Aperia, Jakob"]
[Black "Glantz, Robert"]
[Result "1-0"]
[WhiteElo "2059"]
[BlackElo "2289"]
[WhiteFideId "1711423"]
[BlackFideId "24629596"]
[EventDate "2011.12.27"]

1. c4 Nf6 2. g3 g6 3. Bg2 Bg7 4. Nc3 O-O 5. d3 d6 6. Bg5 h6 7. Bd2 e5 8. e4 Na6
9. Nge2 Nc5 10. Qc2 a5 11. O-O Nh7 12. Be3 c6 13. d4 exd4 14. Nxd4 Re8 15. Rad1
Qe7 16. Qd2 Ng5 17. f3 Kh7 18. Nde2 Bf8 19. h4 Nge6 20. f4 Ng7 21. f5 gxf5 22.
Bxh6 fxe4 23. Bg5 Qc7 24. Bf6 Kg8 25. Qf4 Nd3 26. Qh6 d5 27. cxd5 cxd5 28. Qg5
Qb6+ 29. Nd4 Be6 30. h5 Qxb2 31. h6 Qxc3 32. Nxe6 1-0

[Event "XLI Rilton Cup 2011-12"]
[Site "Stockholm SWE"]
[Date "2011.12.29"]
[Round "3"]
[Board "32"]
[White "Von Bahr, Oskar"]
[Black "Golikov, Nikolai"]
[Result "1-0"]
[WhiteElo "2284"]
[BlackElo "2003"]
[WhiteFideId "1703250"]
[BlackFideId "24101630"]
[EventDate "2011.12.27"]

1. c4 e5 2. g3 f5 3. d4 exd4 4. Qxd4 Nc6 5. Qd1 Nf6 6. Bg2 Bc5 7. Nh3 O-O 8. O-O
d6 9. Nc3 a5 10. Nf4 Ne5 11. b3 Qe7 12. Bb2 c6 13. Qc2 Bd7 14. Rad1 Rad8 15. Na4
Ba7 16. Qd2 b5 17. cxb5 cxb5 18. Nc3 Bc5 19. Ncd5 Nxd5 20. Nxd5 Qf7 21. Qxa5 Kh8
22. Qd2 Bc6 23. Qc1 Bxd5 24. Rxd5 Nd7 25. Qg5 Qg6 26. Qxg6 hxg6 27. a3 b4 28. a4
Nf6 29. Rd3 Rd7 30. e3 Rc8 31. Rc1 Kg8 32. Rc4 Kf7 33. h3 g5 34. Bf3 g6 35. Kg2
Ke6 36. Rd1 Rdc7 37. Rdc1 Nd7 38. Rd1 Nf6 39. Rdc1 Nd7 40. Rd1 Nf6 41. Bd4 Nd7
42. Bd5+ Ke7 43. Rc2 Nf6 44. Bf3 Ra7 45. Rdc1 Nd7 46. Be2 Ra5 47. Bb5 Rc7 48.
Kf1 Ke6 49. Ke2 Ke7 50. f4 gxf4 51. gxf4 Ke6 52. Kf3 Rc8 53. Rg1 Nf8 54. Bc4+
Ke7 55. Bg7 Re8 56. Bb5 Nd7 57. Bd4 Bxd4 58. exd4 Rh8 59. Rc7 1-0

[Event "XLI Rilton Cup 2011-12"]
[Site "Stockholm SWE"]
[Date "2011.12.29"]
[Round "3"]
[Board "33"]
[White "Villegas, Pierre"]
[Black "Kenneskog, Theodor"]
[Result "1/2-1/2"]
[WhiteElo "2249"]
[BlackElo "2123"]
[WhiteFideId "654183"]
[BlackFideId "1715011"]
[EventDate "2011.12.27"]

1. d4 Nf6 2. c4 g6 3. Nc3 d5 4. Bg5 Ne4 5. h4 Nxg5 6. hxg5 dxc4 7. e3 Bg7 8.
Bxc4 O-O 9. Qf3 c5 10. Nge2 cxd4 11. exd4 Nc6 12. O-O-O e5 13. Qg3 Nxd4 14. Qh4
h6 15. gxh6 Qxh4 16. Rxh4 Bf6 17. h7+ Kh8 18. Rhh1 Bg5+ 19. Kb1 Bf5+ 20. Bd3
Nxe2 21. Nxe2 Bxd3+ 22. Rxd3 Rfd8 23. Rg3 Be7 24. Re3 Bf6 25. Nc3 Kg7 26. Rf3
Be7 27. Re1 f6 28. Rh3 Bb4 29. g4 Bxc3 30. Rxc3 Rac8 31. Rxc8 Rxc8 32. g5 fxg5
33. Rxe5 Rc7 34. Rxg5 Kxh7 35. Ra5 1/2-1/2

[Event "XLI Rilton Cup 2011-12"]
[Site "Stockholm SWE"]
[Date "2011.12.29"]
[Round "3"]
[Board "34"]
[White "Olofsson-Dolk, Mattis"]
[Black "Eriksson, Jorgen"]
[Result "0-1"]
[WhiteElo "1988"]
[BlackElo "2240"]
[WhiteFideId "1715178"]
[BlackFideId "1701967"]
[EventDate "2011.12.27"]

1. e4 c5 2. Nf3 g6 3. d4 cxd4 4. Nxd4 Nc6 5. Nc3 Bg7 6. Be3 Nf6 7. Bc4 O-O 8.
Bb3 d6 9. f3 Bd7 10. Qd2 Nxd4 11. Bxd4 b5 12. O-O Bc6 13. a4 a6 14. Rfe1 Qd7 15.
Nd5 Bxd5 16. Bxd5 Nxd5 17. Bxg7 Kxg7 18. exd5 Rfb8 19. Re4 Qa7+ 20. Kh1 Rb7 21.
b3 a5 22. axb5 Rxb5 23. Rae1 Rb7 24. h4 h5 25. f4 f5 26. R4e3 Rc8 27. Qe2 Kh6
28. c4 Qd4 29. g3 Rcc7 30. Rc1 Qc5 31. Ra1 Ra7 32. Qd3 a4 33. Qc3 Kh7 34. bxa4
Rcb7 35. Rae1 Rc7 36. a5 Rcb7 37. a6 Rd7 38. Rb1 Qc8 39. Qd4 Qxa6 40. Rb8 Qa1+
41. Qxa1 Rxa1+ 42. Kg2 Rc7 43. Re8 Raa7 44. Kf3 Kg7 45. Rc3 Kf7 46. Rh8 Kg7 47.
Re8 Kf7 48. Rh8 Ra4 49. Re3 Kg7 50. Re8 Kf7 51. Rh8 Raxc4 52. Rh7+ Kf8 53. Rh8+
Kg7 54. Re8 Kf7 55. Rh8 Rd4 56. Rb3 Rxd5 57. Ra8 Rdc5 58. Raa3 Rc2 59. Ke3 Kf6
60. Kd3 Rg2 61. Kd4 e5+ 62. Kd5 Rd2+ 63. Rd3 Rxd3+ 64. Rxd3 e4 65. Ra3 Rc1 66.
Rb3 Rd1+ 67. Kc4 d5+ 68. Kc5 d4 69. Kd5 e3 70. Rb6+ Kg7 71. Rb7+ Kh6 72. Ke5 e2
73. Kf6 Ra1 74. Rb8 Ra6+ 75. Kf7 Ra7+ 0-1

[Event "XLI Rilton Cup 2011-12"]
[Site "Stockholm SWE"]
[Date "2011.12.29"]
[Round "3"]
[Board "35"]
[White "Johansson, Gunnar"]
[Black "Hansson, Fredrik"]
[Result "1-0"]
[WhiteElo "2238"]
[BlackElo "1985"]
[WhiteFideId "1703501"]
[BlackFideId "1713256"]
[EventDate "2011.12.27"]

1. d4 d5 2. c4 c6 3. Nf3 Nf6 4. e3 Bf5 5. Nc3 e6 6. Nh4 Bg6 7. Nxg6 hxg6 8. Bd2
Nbd7 9. b3 Bd6 10. g3 O-O 11. Bg2 dxc4 12. bxc4 e5 13. O-O Rc8 14. Qc2 Bb8 15.
Rfd1 Qe7 16. Qb3 b6 17. a4 exd4 18. exd4 c5 19. Re1 Qd8 20. d5 Be5 21. Rad1 Ne8
22. Bh3 f5 23. Nb5 Bb8 24. Bg2 Nd6 25. Nc3 Re8 26. Bf4 Qf6 27. Re6 Qf8 28. Rde1
Kh7 29. a5 Bc7 30. Qa4 Nf6 31. axb6 axb6 32. Qa7 Rxe6 33. dxe6 Qe7 34. Qa6 Rd8
35. Bg5 1-0

[Event "XLI Rilton Cup 2011-12"]
[Site "Stockholm SWE"]
[Date "2011.12.29"]
[Round "3"]
[Board "36"]
[White "Cramling, Dan"]
[Black "Luukkonen, Tommi"]
[Result "0-1"]
[WhiteTitle "IM"]
[BlackTitle "FM"]
[WhiteElo "2392"]
[BlackElo "2252"]
[WhiteFideId "1700162"]
[BlackFideId "501808"]
[EventDate "2011.12.27"]

1. d4 Nf6 2. c4 g6 3. Nc3 Bg7 4. e4 d6 5. f4 O-O 6. Nf3 Na6 7. Bd3 e5 8. fxe5
dxe5 9. d5 c6 10. O-O Qe7 11. a3 Nc5 12. Bc2 cxd5 13. cxd5 b6 14. b4 Nb7 15. Ba4
a5 16. Rb1 axb4 17. axb4 Bd7 18. Bc6 Rac8 19. Bxb7 Rxc3 20. Bb2 Nxe4 21. d6 Nxd6
22. Bxc3 Nxb7 23. Bxe5 Bxe5 24. Nxe5 Bf5 25. Ng4 Qg5 26. h3 h5 27. Rxf5 gxf5 28.
Nh2 Rd8 29. Qf3 Nd6 30. Rf1 Ne4 31. h4 Qe7 32. Qe3 Qe6 33. Nf3 Qd6 34. Ng5 Ng3
35. Qb3 Qd4+ 36. Rf2 Qd1+ 37. Qxd1 Rxd1+ 38. Kh2 Nf1+ 39. Kh3 Ne3 0-1

[Event "XLI Rilton Cup 2011-12"]
[Site "Stockholm SWE"]
[Date "2011.12.29"]
[Round "3"]
[Board "37"]
[White "Bryntze, Stefan"]
[Black "Furhoff, Johan"]
[Result "0-1"]
[BlackTitle "IM"]
[WhiteElo "2175"]
[BlackElo "2370"]
[WhiteFideId "1709100"]
[BlackFideId "1701797"]
[EventDate "2011.12.27"]

1. f4 e5 2. fxe5 d6 3. Nf3 dxe5 4. e4 Nf6 5. Bc4 Nxe4 6. Qe2 Nd6 7. Qxe5+ Be7 8.
Bb3 O-O 9. O-O Nc6 10. Qf4 Na5 11. Nc3 Nxb3 12. axb3 Nf5 13. d3 Bd6 14. Qg5 f6
15. Qd2 Bc5+ 16. Kh1 Re8 17. Ne4 Bb6 18. Qc3 Be6 19. Bf4 Bd5 20. Rae1 Qd7 21.
Re2 Re7 22. Rfe1 Rae8 23. Qb4 a5 24. Qc3 h5 25. b4 axb4 26. Qxb4 Qc6 27. Bc1 h4
28. Bf4 g5 29. Nxf6+ Qxf6 30. Bxg5 Rxe2 31. Bxf6 Rxe1+ 32. Nxe1 Kf7 33. Bc3 h3
34. d4 Nxd4 35. Nf3 hxg2+ 36. Kxg2 Bxf3+ 37. Kg3 Rg8+ 38. Kh4 Nf5+ 39. Kh3 Bg2# 0-1

[Event "XLI Rilton Cup 2011-12"]
[Site "Stockholm SWE"]
[Date "2011.12.29"]
[Round "3"]
[Board "38"]
[White "Kwapinski, Leszek"]
[Black "Henriksson, Johan"]
[Result "0-1"]
[WhiteElo "2051"]
[BlackElo "2295"]
[WhiteFideId "1409883"]
[BlackFideId "1703560"]
[EventDate "2011.12.27"]

1. e4 c6 2. d4 d5 3. exd5 cxd5 4. c4 Nf6 5. Nc3 e6 6. Nf3 Be7 7. Bf4 O-O 8. Bd3
dxc4 9. Bxc4 a6 10. O-O b5 11. Bb3 Bb7 12. Re1 b4 13. Na4 Nbd7 14. Ne5 Nxe5 15.
dxe5 Nd5 16. Be3 Qa5 17. Bxd5 Bxd5 18. Nb6 Rad8 19. Qg4 Rfe8 20. Nxd5 Rxd5 21.
f4 Bc5 22. Kh1 Red8 23. f5 exf5 24. Qxf5 Bxe3 25. Rxe3 Qxa2 26. Rf1 Rd1 27. Ree1
Rxe1 28. Rxe1 a5 29. h4 Qe6 30. Qc2 Rc8 31. Rd1 h5 32. Qe2 g6 33. Rd6 Qc4 34.
Qf2 Re8 35. Qf6 Qc1+ 36. Kh2 Qxb2 37. Rd8 Rxd8 38. Qxd8+ Kh7 39. Qd5 Qf2 40.
Qxa5 Qxh4+ 41. Kg1 Qd4+ 42. Kh2 b3 43. Qc7 Qf4+ 44. Kg1 b2 45. Qb7 Qe3+ 46. Kf1
Qd3+ 47. Kf2 Qf5+ 0-1

[Event "XLI Rilton Cup 2011-12"]
[Site "Stockholm SWE"]
[Date "2011.12.30"]
[Round "4"]
[Board "1"]
[White "Shimanov, Aleksandr"]
[Black "Gajewski, Grzegorz"]
[Result "1-0"]
[WhiteTitle "GM"]
[BlackTitle "GM"]
[WhiteElo "2549"]
[BlackElo "2616"]
[WhiteFideId "4198603"]
[BlackFideId "1116207"]
[EventDate "2011.12.27"]

1. d4 Nf6 2. c4 e6 3. Nf3 d5 4. Nc3 Bb4 5. cxd5 exd5 6. Bg5 Nbd7 7. e3 c5 8. Be2
Qa5 9. O-O Bxc3 10. bxc3 c4 11. Qc2 Ne4 12. Rac1 Nb6 13. Bf4 O-O 14. Rfe1 Re8
15. Ng5 Bf5 16. Nxe4 Bxe4 17. Qb2 Na4 18. Qa3 b5 19. f3 Bg6 20. Bd1 Rac8 21. Re2
Re6 22. Rb2 Ra6 23. Bxa4 Qxa4 24. Qxa4 Rxa4 25. Rxb5 Rxa2 26. Rxd5 Bc2 27. Rb5
Bb3 28. e4 f6 29. d5 a5 30. Rb7 Rd8 31. d6 Ba4 32. Rcb1 Bd7 33. Ra7 Kf7 34. Rbb7
Ke6 35. Be3 Bc6 36. Re7+ Kxd6 37. Rf7 Ke6 38. Bd4 Rxd4 39. cxd4 c3 40. Rfc7 Kd6
41. d5 1-0

[Event "XLI Rilton Cup 2011-12"]
[Site "Stockholm SWE"]
[Date "2011.12.30"]
[Round "4"]
[Board "2"]
[White "Smith, Axel"]
[Black "Cicak, Slavko"]
[Result "1/2-1/2"]
[WhiteTitle "IM"]
[BlackTitle "GM"]
[WhiteElo "2480"]
[BlackElo "2566"]
[WhiteFideId "1707930"]
[BlackFideId "1700588"]
[EventDate "2011.12.27"]

1. e4 c5 2. Nf3 Nc6 3. d4 cxd4 4. Nxd4 d6 5. Nc3 e6 6. Be3 Nf6 7. f3 Be7 8. Qd2
O-O 9. O-O-O d5 10. Be2 Nxd4 11. Qxd4 dxe4 12. Qe5 Bd7 13. fxe4 Qc8 14. Qg3 Bc6
15. e5 Ne4 16. Nxe4 Bxe4 17. Bd3 Bxd3 18. Rxd3 Rd8 19. Rhd1 Rxd3 20. Rxd3 Qc7
21. a3 1/2-1/2

[Event "XLI Rilton Cup 2011-12"]
[Site "Stockholm SWE"]
[Date "2011.12.30"]
[Round "4"]
[Board "4"]
[White "L'Ami, Erwin"]
[Black "Brynell, Stellan"]
[Result "1/2-1/2"]
[WhiteTitle "GM"]
[BlackTitle "GM"]
[WhiteElo "2594"]
[BlackElo "2486"]
[WhiteFideId "1007998"]
[BlackFideId "1700219"]
[EventDate "2011.12.27"]

1. d4 e6 2. c4 Nf6 3. Nf3 b6 4. g3 Bb4+ 5. Nbd2 Bb7 6. Bg2 c5 7. a3 Bxd2+ 8.
Qxd2 O-O 9. O-O cxd4 10. Qxd4 Nc6 11. Qh4 Rc8 12. b4 Ne7 13. Bb2 Nf5 14. Qf4 Qc7
15. Rac1 Qxf4 16. gxf4 Rc7 17. Nd2 Bxg2 18. Kxg2 Rfc8 19. e4 Nh4+ 20. Kg3 Ng6
21. Kf3 Nh4+ 22. Ke2 Ng6 23. Be5 Nxe5 24. fxe5 Ne8 25. Rc3 d6 26. exd6 Nxd6 27.
Rfc1 Kf8 28. a4 Ke7 29. Kd3 Nb7 30. Nb3 a5 31. bxa5 Nxa5 32. Nxa5 bxa5 33. Rb1
Rd8+ 34. Ke3 Rdc8 35. Kd3 Rd8+ 36. Ke3 Rdc8 37. Kd3 1/2-1/2

[Event "XLI Rilton Cup 2011-12"]
[Site "Stockholm SWE"]
[Date "2011.12.30"]
[Round "4"]
[Board "6"]
[White "Karlsson, Lars"]
[Black "Solak, Dragan"]
[Result "0-1"]
[WhiteTitle "GM"]
[BlackTitle "GM"]
[WhiteElo "2485"]
[BlackElo "2629"]
[WhiteFideId "1700057"]
[BlackFideId "916811"]
[EventDate "2011.12.27"]

1. Nf3 d5 2. b3 Bg4 3. Bb2 Bxf3 4. exf3 e6 5. f4 Nf6 6. g3 g6 7. Bg2 Bg7 8. O-O
O-O 9. d4 Ne8 10. c4 Nd6 11. cxd5 exd5 12. Bxd5 c6 13. Bg2 Nf5 14. Nd2 Bxd4 15.
Bxd4 Nxd4 16. Nf3 Nxf3+ 17. Qxf3 Qf6 18. b4 Rd8 19. Rab1 a6 20. Rfd1 Nd7 21. Qe3
Nf8 22. Qb3 Re8 23. Bh3 Rad8 24. a4 Ne6 25. Rxd8 Rxd8 26. Bxe6 Qxe6 27. Qxe6
fxe6 28. Kf1 Kf7 29. Ke2 Kf6 30. Ke3 Rd5 31. h4 e5 32. fxe5+ Kxe5 33. g4 Rd4 34.
f3 h5 35. gxh5 gxh5 36. b5 Rxa4 37. bxc6 bxc6 38. Rg1 Ra3+ 39. Ke2 Kf4 40. Rc1
Ra2+ 41. Kd3 Kxf3 42. Rxc6 Kg3 43. Rc4 a5 44. Ke4 Kxh4 45. Kf5+ Kg3 46. Kg5 a4
47. Rc3+ Kf2 48. Kf4 Rb2 0-1

[Event "XLI Rilton Cup 2011-12"]
[Site "Stockholm SWE"]
[Date "2011.12.30"]
[Round "4"]
[Board "7"]
[White "Tikkanen, Hans"]
[Black "Sagit, Rauan"]
[Result "1-0"]
[WhiteTitle "GM"]
[BlackTitle "FM"]
[WhiteElo "2586"]
[BlackElo "2368"]
[WhiteFideId "1706446"]
[BlackFideId "1708376"]
[EventDate "2011.12.27"]

1. c4 e5 2. g3 Nf6 3. Bg2 d5 4. cxd5 Nxd5 5. Nc3 Nb6 6. Nf3 Nc6 7. O-O Be7 8. a3
O-O 9. b4 Be6 10. Rb1 f6 11. d3 Re8 12. Nd2 Rb8 13. Nde4 Bf7 14. Bb2 Nd4 15. e3
Ne6 16. Qc2 Bf8 17. f4 exf4 18. gxf4 c6 19. Qf2 Nd5 20. Ne2 Nec7 21. f5 a5 22.
bxa5 Ra8 23. Qg3 Rxa5 24. Kh1 Rb5 25. a4 Rb3 26. Nf4 Rxe4 27. Bxe4 Nxf4 28. Qxf4
Nd5 29. Qf2 Bc5 30. Bd4 Rxb1 31. Rxb1 Bxd4 32. exd4 b6 33. Qg3 Nc7 34. Rxb6 Ne8
35. Rb4 c5 36. dxc5 Qa5 37. Qe1 Qxc5 38. Rb8 h5 39. a5 Kh7 40. Rb1 Nc7 41. Rc1
Qa7 42. Qb4 Bd5 43. Qc5 Qb7 44. Bxd5 Nxd5 45. a6 Qb2 46. a7 Qa2 47. Qc6 Nc7 48.
Qxc7 Qd5+ 49. Kg1 Qd4+ 50. Kg2 Qd5+ 51. Kf2 h4 52. Qf4 1-0